| 000 | 00442nam a22001697a 4500 | ||
|---|---|---|---|
| 003 | MACL | ||
| 005 | 20160114151226.0 | ||
| 008 | 160114b xxu||||| |||| 00| 0 eng d | ||
| 040 | _cMACL | ||
| 041 | _aEnglish | ||
| 082 | _a320/AAR | ||
| 100 |
_aAarooran,K.Nambi _932287 |
||
| 245 | _aTamil Renaissance and Dravidian Nationalism | ||
| 260 |
_aChennai _bSaradha Nambi Aarooran _c2008 |
||
| 650 |
_aPolitical Science _932288 |
||
| 942 |
_2ddc _cBK |
||
| 999 |
_c52252 _d52252 |
||